Entre la muerte y la justicia: reflexiones en torno al femicidio en América Central /
Se aborda una de las manifestaciones más usuales y extremas de la violencia basada en género: el femicidio, considerado como una indiscutible trasgresión a las garantías fundamentales de las mujeres por su condición genérica. Se analizan algunas aristas y retos que se vislumbran en América Central e...
Saved in:
| Main Author: | |
|---|---|
| Other Authors: | |
| Format: | Text |
| Subjects: | |
| Tags: |
Add Tag
No Tags, Be the first to tag this record!
|
MARC
| LEADER | 00000 a a2200000 04500 | ||
|---|---|---|---|
| 001 | 42961 | ||
| 003 | |||
| 040 | |||
| 100 | |a Castillo Vargas, Andrés | ||
| 245 | |a Entre la muerte y la justicia: |b reflexiones en torno al femicidio en América Central / |c Andrés Castillo Vargas ; Ivannia Chinchilla Badilla | ||
| 500 | |a ivanniacb@yahoo.com |a andres.castillo@ucr.ac.cr | ||
| 520 | |a Se aborda una de las manifestaciones más usuales y extremas de la violencia basada en género: el femicidio, considerado como una indiscutible trasgresión a las garantías fundamentales de las mujeres por su condición genérica. Se analizan algunas aristas y retos que se vislumbran en América Central en torno a la realidad del femicidio y su abordaje integral en la región, identificándose un aumento considerable de casos, contrastado por respuestas judiciales y penitenciarias que requieren una mayor reflexión y ajuste en concordancia con la tipificación y sanción de este delito. | ||
| 590 | |a EFU/MARZO2012 | ||
| 650 | |a 1.FEMICIDIO | ||
| 650 | |a 2.VIOLENCIA | ||
| 650 | |a 3.GENERO | ||
| 650 | |a 4.MUJERES | ||
| 650 | |a 5.DERECHOS HUMANOS | ||
| 650 | |a 6.ANALISIS DEL GENERO | ||
| 700 | |a Chinchilla Badilla, Ivannia | ||
| 773 | |g volumen7, número8 ( , 2010), páginas 91-107 | ||
| 999 | |c 26461 |d 26461 | ||
